000 00817cam a2200241 4500
001 WB3701-13
008 000000n2000 000 0 eng u
035 _a(Sirsi) u110032
245 _a39,000 houses a year to be built in 'overcrowded' South-east
260 _c2000
490 _aIndependent
_v19 December 2000, 4(1)
520 _aThe housing minister has announced that 39,000 new homes are to be built in the South-east each year, 6000 more than the figure recommended by Serplan, the consortium of 118 South-east planning authorities.
590 _aWB
650 _aHOUSE BUILDING
650 _aTARGETS
650 _aSOUTH EAST ENGLAND
650 _aSERPLAN
650 _aLOCAL AUTHORITIES
650 _aGOVERNMENT POLICY
650 _aNEW HOMES
690 _aHOUSING-DEVELOPMENT
942 _n0
999 _c65631
_d65631